[Event "IECG TG-2008-0-15894"]
[Site "IECG email"]
[Date "2008.??.??"]
[Round "1"]
[White "Bunce, Derek"]
[Black "Metz, Patrick"]
[Result "0-1"]
[WhiteElo "800"]
[BlackElo "677"]
[PlyCount "32"]
[EventDate "2008.11.24"]
[EventType "tourn (corr)"]
[EventRounds "6"]
[SourceTitle "Corr 2024"]
[Source "ChessBase"]
[SourceDate "2023.10.19"]
[SourceVersion "1"]
[SourceVersionDate "2023.10.19"]
[SourceQuality "1"]

1. e4 e5 2. Nf3 Nc6 3. Bb5 a6 4. Ba4 Nf6 5. 0-0 Be7 6. Re1 b5 7. Bb3 d6 8. c3 0-0 9. Qe2 Na5 10. Bc2 c5 11. d4 Nd7 12. dxc5 Nxc5 13. b4 Ne6 14. bxa5 Qxa5 15. Bd2 Qc7 16. a4 bxa4 0-1

[Event "IECC M email"]
[Site "IECC email"]
[Date "2000.02.18"]
[Round "?"]
[White "McDermott, Michael"]
[Black "Bunce, Derek"]
[Result "1-0"]
[WhiteElo "1090"]
[BlackElo "1237"]
[PlyCount "61"]
[EventDate "2000.??.??"]
[EventType "tourn (corr)"]
[EventRounds "2"]
[SourceTitle "Corr 2008"]
[Source "ChessBase"]
[SourceDate "2008.06.24"]
[SourceVersion "1"]
[SourceVersionDate "2008.06.24"]
[SourceQuality "1"]

1. e4 c5 2. Nf3 d6 3. d4 cxd4 4. Nxd4 Nc6 5. Nc3 Nf6 6. Bb5 a6 7. Bxc6+ bxc6 8. Nxc6 Qb6 9. Nd4 e5 10. Nf3 Be6 11. 0-0 Be7 12. b3 0-0 13. Be3 Qc6 14. Qd3 Rab8 15. Rad1 Nd7 16. b4 Rxb4 17. Bg5 Nc5 18. Qd2 Bd8 19. Qxd6 Qc8 20. Bxd8 Nb7 21. Qxb4 Nxd8 22. Rd6 Nc6 23. Qb6 Ne7 24. Rfd1 g6 25. Rd8 Qxc3 26. Rxf8+ Kxf8 27. Qd8+ Kg7 28. Qxe7 Qxc2 29. Re1 Qxa2 30. Ng5 Qd2 31. Nxe6+ 1-0

[Event "IECG QN.2000.0.00097"]
[Site "IECG email"]
[Date "2000.02.14"]
[Round "?"]
[White "Bunce, Derek"]
[Black "Kosugi, Yuji"]
[Result "0-1"]
[WhiteElo "800"]
[BlackElo "800"]
[PlyCount "38"]
[EventDate "2000.02.14"]
[EventType "tourn (corr)"]
[EventRounds "6"]
[SourceTitle "Corr 2008"]
[Source "ChessBase"]
[SourceDate "2008.06.24"]
[SourceVersion "1"]
[SourceVersionDate "2008.06.24"]
[SourceQuality "1"]

1. e4 c6 2. Nc3 d5 3. Nf3 Bg4 4. h3 Bxf3 5. Qxf3 Nf6 6. d3 e6 7. Bd2 Nbd7 8. g4 Bb4 9. a3 Qa5 10. g5 d4 11. gxf6 dxc3 12. fxg7 Rg8 13. bxc3 Bxc3 14. Rd1 Bxd2+ 15. Rxd2 Rxg7 16. Be2 0-0-0 17. Qf4 Rdg8 18. Qh2 Qxa3 19. Rd1 e5 0-1